| 000 | 00538nam a2200169 a 4500 | ||
|---|---|---|---|
| 001 | 000045227 | ||
| 005 | 20201002050001.0 | ||
| 008 | 150212s1999 xxca 000 j spa d | ||
| 020 | _z2992453014 | ||
| 040 |
_aDO-SdBNP _bspa _cBNPHU |
||
| 082 |
_axxxx _bxxxx |
||
| 100 | 1 |
_aJorge Morel, Eucilda _925433 |
|
| 245 | 1 | 0 |
_aHabía una vez / _cEucilda Jorge Morel ; ilustraciones y diseño gráfico, Edith Ferrándiz. |
| 260 |
_a[Montreal : _bFourmi rose, _c1999]. |
||
| 300 |
_a17 p. : _bil. ; _c15 cm. |
||
| 700 | 1 | 2 |
_aFerrándiz, Edith, _eil. _973250 |
| 999 |
_c44716 _d44716 |
||